| 000 | 00912cam a22002775a 4500 | ||
|---|---|---|---|
| 001 | 15872793 | ||
| 005 | 20201128020815.0 | ||
| 008 | 090819s2009 enk frb 001 0 eng d | ||
| 010 | _a 2009455750 | ||
| 020 | _a9780230213111 | ||
| 040 |
_aUKM _beng _cUKM _dBWKUK _dBWK _dNLGGC _dBWX _dCDX _dVP@ _dDLC _dEG-ScBUE |
||
| 082 | 0 | 4 |
_a327 _bBRO _222 |
| 100 | 1 |
_aBrown, Chris, _d1945- _912344 |
|
| 245 | 1 | 0 |
_aUnderstanding international relations / _cChris Brown and Kirsten Ainley. |
| 250 | _a4th ed., Revised and updated. | ||
| 260 |
_aBasingstoke ; _aNew York : _bPalgrave Macmillan, _c2009. |
||
| 300 |
_axi, 321 p. ; _c24 cm. |
||
| 500 | _aIndex : p. 310-321. | ||
| 504 | _aBibliography : p. 269-309. | ||
| 651 | _2BUEsh | ||
| 653 |
_bBUSBOL _cOctober2015 |
||
| 655 |
_vReading book _934232 |
||
| 650 | 7 |
_91135 _aInternational relations _2BUEsh |
|
| 700 | 1 |
_aAinley, Kirsten. _912346 |
|
| 942 |
_2ddc _cNB _k327 BRO |
||
| 999 |
_c13605 _d13605 |
||